Culture pas trop générale (5 : rap français) - Statistiques

Statistiques générales
  • Ce quiz a été pris 333 fois
  • Le résultat moyen est 9 sur 20
Statistiques - réponses
Questions Réponse % Correct
Quel rappeur, ancien membre du groupe Lunatic, est surnommé le duc de Boulogne ? Booba
93%
Quel rappeur était membre des groupes L'entourage, S-Crew et 1995 tout en ayant une carrière solo en parallèle ? Nekfeu
85%
Comment s'appelle le morceau regroupant de nombreux rappeurs marseillais ? Bande Organisée
77%
Quelle est le nom de la mixtape qui a propulsé SCH sur le devant de la scène en 2015 ? A7
72%
Quel rappeur a été révélé en 2015 dans le morceau Pinocchio de Booba, sur lequel il était en featuring ? Damso
66%
"Ah ouais, ouais, ouais", de quel morceau, plus grand succès commercial de Vald, vient cette "phrase" qu'il répète frénétiquement durant le refrain ? Désaccordé
66%
En 2012, Kaaris rejoint Booba sur un morceau qui deviendra l'un des plus iconiques des deux artistes, quel est ce morceau ? Kalash
63%
Qui est le premier rappeur a avoir atteint la barre symbolique des 100 singles d'or ? Il en est aujourd'hui (21/10/2024) à 160 Ninho
57%
Comment appelle-t'on le sous-genre de rap dont les textes sont imprégnés d'un message social ? Le rap conscient
55%
Entre septembre 2016 et juillet 2017, PNL sort une série de clip scénarisé, quels étaient les morceaux correspondants ? Naha / Onizuka / Bene / Jusqu'au dernier gramme
50%
De quel morceau vient la célèbre phrase de MC Solaar, 'Je suis l'as de trèfle qui pique ton cœur" ? Caroline
43%
Quel album a été introduit par un film sortant en salle le 6 juin 2019 ? Les étoiles vagabondes
40%
Quel album "concept" sorti en 2020 propose un univers digital aux allures de science-fiction, et permet à son auteur de devenir je cite "the man of the year" ? Laylow : Trinity
34%
Quel est l'album de rap français le plus vendu de tous les temps ? IAM : L'école du micro d'argent
33%
Avec quel album le rappeur Doc Gynéco a-t'il connu un grand succès à la fin du 20e siècle, en le vendant à près d'1 millions d'exemplaires ? Première Consultation
26%
Avec son album "Si c'était à refaire", un artiste se définit comme l'un des fondateurs de ce genre, qui est-il ? Kery James
18%
Quel groupe a reçu la première récompense d'album rap de l'année aux victoires de la musique, marquant une rupture entre la cérémonie et le milieu du rap ? Manau : Panique Celtique
9%
Dans chacun de ses albums, Médine poursuit une série de titre racontant l'histoire tragique d'une personne victime de la guerre, de la fin ou de répression, comment cette série se nomme-t-elle ? Enfant du destin
6%
Dans les années 2000, Orelsan incarne aux yeux du grand public un nouveau genre de rap, comment s'appelait-il ? Le rap alternatif
5%
Quel est le seul rappeur à avoir été récompensé à trois reprises pour le meilleur album rap aux victoires de la musique ? Abd al Malik
3%
Aucun quiz correspondant
Distribution des résultats
% des personnes avec chaque résultat
Percentile par nombre de réponses
Votre historique - résultats
Vous n’avez pas pris ce quiz